000
00261nam a2200109Ia 4500
008
190802s9999 xx 000 0 und d
100
_a
Shahriq Baliyawey
245
0
_a
Aass Bay Aass
260
_a
Karachi
_b
Isra Publications
_c
2008
300
_a
160:p
942
_c
BK
999
_c
2474
_d
2474